The Life and Voyages of Christopher Columbus
שמור ב:
| מחבר ראשי: | |
|---|---|
| פורמט: | ספר |
| שפה: | Undetermined |
| יצא לאור: |
New York, Estados Unidos
G. P. Putnam's Sons
1868
|
| נושאים: | |
| תגים: |
הוספת תג
אין תגיות, היה/י הראשונ/ה לתייג את הרשומה!
|
MARC
| LEADER | 00000nam a2200000Ia 4500 | ||
|---|---|---|---|
| 008 | 170316s9999 xx 000 0 und d | ||
| 090 | |a 810 I-2Li v.2 | ||
| 100 | |a Irving, Washignton | ||
| 245 | 4 | |a The Life and Voyages of Christopher Columbus | |
| 260 | |a New York, Estados Unidos | ||
| 260 | |b G. P. Putnam's Sons | ||
| 260 | |c 1868 | ||
| 300 | |a 596 páginas | ||
| 650 | |a LITERATURA ESTADOUNIDENSE | ||
| 999 | |c 21178 |d 21178 | ||
| 040 | |a cru BVZT | ||
| 942 | |c 15 D |h 810 I-2Li v.2 |2 z | ||
